Código Civil y Comercial explicado : Doctrina - Jurisprudencia. / Obligaciones y contratos. Arts. 724 a 1186, Tomo I.

Guardado en:
Otros Autores: Lorenzetti, Pablo, (coord.), Pontoriero, María Paula, (coord.)
Formato: Libro
Idioma:Spanish
Publicado: Santa Fe : Rubinzal - Culzoni, 2020.
Edición:1a. ed. rev.
Materias:
Etiquetas: Agregar Etiqueta
Sin Etiquetas, Sea el primero en etiquetar este registro!
LEADER 00796nam a22002295a 4500
001 DER.der014921
008 231108s2020####ag############000#0#spa#d
005 20231113091612.0
245 1 0 |a Código Civil y Comercial explicado :  |b Doctrina - Jurisprudencia. /  |c Argentina.  |n Obligaciones y contratos. Arts. 724 a 1186,  |p Tomo I. 
250 |a 1a. ed. rev. 
260 |a Santa Fe :  |b Rubinzal - Culzoni,  |c 2020. 
300 |a 941 p. 
020 |a 9789873014499 
240 1 0 |a Código 
700 1 |a Lorenzetti, Ricardo Luis.,  |e dir. 
700 1 |a Sagarna, Fernando Alfredo,  |e dir. 
700 1 |a Lorenzetti, Pablo,  |e coord. 
700 1 |a Pontoriero, María Paula,  |e coord. 
650 7 |a CODIGO CIVIL Y COMERCIAL 
650 7 |a OBLIGACIONES 
650 7 |a CONTRATOS 
859 |a DERECHO  |b BIB. DERECHO  |h 346  |i COD  |p 009955  |3 Tomo I